00705nam a22002297a 45000010005000000030006000050050017000110080041000280200018000690400029000870500016001160820008001321000010001402450033001502600037001833000065002205050008002855200101002935210029003945210020004236500032004438264FISKH20250905113009.0250905b cb ||||| |||| 00| 0 eng d a9780590127189 aFISKHbengcFISKHdFISKH aGT3050 .A43 a395 aAliki aHello! good-bye! /cBy Aliki aNew York : bScholastic ,c1996. a30 unnumbered pages : bcolor illustrations ;c23 x 23 cm .  aG  aDescribes some of the many ways, both verbal and nonverbal, that people say hello and good-bye. 8 a370 bLexile estimate 8 aG bRaz-Plus  aMulticulturalvPicture book